000 00414nam a2200157Ia 4500
008 241127s9999||||xx |||||||||||||| ||und||
020 _a9781856696180
_c00
040 _beng
_cSSK Library
_erda
082 _a741.672/SZK
100 _a Basia Szkutnicka
245 0 _aTechnical Drawing For Fashion
260 _b Laurence King Publishing
_c©2010
942 _22ddc
_cBOOK
_nNo
999 _c10460
_d10460
003 OSt
005 20241127152830.0